| 000 | 00960cam a2200301 a 4500 | ||
|---|---|---|---|
| 001 | 000002583 | ||
| 005 | 20260430124536.0 | ||
| 008 | 030909m20022003ck c 000 0 spa | ||
| 020 | _a9789589520987 (v. 1) | ||
| 020 | _a9589520987 (v. 1) | ||
| 020 | _a9789589719824 (v. 2) | ||
| 020 | _a9589719821 (v. 2) | ||
| 040 |
_aDO-SdBNP _cDLC _dDLC |
||
| 041 | 1 | 7 |
_aspa _hmul _2Código de idioma MARC |
| 082 |
_a808.85 _bD611p |
||
| 245 | 0 | 0 |
_aDiscursos : _bpremios Nobel. |
| 260 |
_aBogotá : _bComún Presencia, _c2002. |
||
| 300 |
_av. <1-2>, 139 p. : _bil. ; _c24 cm. |
||
| 490 | 1 |
_aLos conjurados _v1 |
|
| 500 | _aEl tomo 1 es del año 1991 y el tomo 2 del 2003. | ||
| 650 | 4 |
_aPremios nobel _98134 |
|
| 650 | 0 |
_aPremios _98135 |
|
| 700 | 1 |
_aOsorio, Amparo Ines. _d1951- _98136 |
|
| 700 | 1 |
_aChalarca, José. _d1941- _98137 |
|
| 700 | 1 |
_aMárquez Cristo, Gonzalo, _d1963- _98138 |
|
| 830 | 3 |
_aLos conjurados _v1 _98139 |
|
| 910 | _aCatalogación por copia / LC | ||
| 999 |
_c2419 _d2419 |
||